|
|
|
|
| LEADER |
00000nam0a2200000 4500 |
| 001 |
684137 |
| 005 |
20251226115913.0 |
| 090 |
|
|
|a 684137
|
| 100 |
|
|
|a 20251226d1977 km|y0rusy50 ca
|
| 101 |
0 |
|
|a rus
|
| 102 |
|
|
|a UA
|
| 105 |
|
|
|a a z 001yy
|
| 181 |
|
0 |
|a i
|b e
|
| 182 |
|
0 |
|a n
|
| 183 |
|
0 |
|a nc
|2 RDAcarrier
|
| 200 |
1 |
|
|a Матричные методы обработки сигналов
|f Р. И. Полонников, В. И. Костюк, В. Е. Краскевич
|
| 203 |
|
|
|a Текст
|b визуальный
|c непосредственный
|
| 210 |
|
|
|a Киев
|c Технiка
|d 1977
|
| 215 |
|
|
|a 136 с.
|c ил.
|
| 283 |
|
|
|a volume
|2 RDAcarrier
|
| 320 |
|
|
|a Список литературы: с. 133-135
|
| 606 |
|
|
|a Радиосигналы
|x Обработка
|9 47746
|
| 610 |
1 |
|
|a сигналы
|
| 610 |
1 |
|
|a функции Уолша
|
| 610 |
1 |
|
|a использование
|
| 610 |
1 |
|
|a фильтры
|
| 610 |
1 |
|
|a структура
|
| 610 |
1 |
|
|a синтез
|
| 610 |
1 |
|
|a распознавание
|
| 675 |
|
|
|a 621.372
|v 4
|
| 700 |
|
1 |
|a Полонников
|b Р. И.
|g Револьд Иванович
|
| 701 |
|
1 |
|a Костюк
|b В. И.
|g Всеволод Иванович
|
| 701 |
|
1 |
|a Краскевич
|b В. Е.
|g Валерий Евгеньевич
|
| 801 |
|
0 |
|a RU
|b 63413507
|c 20251226
|
| 830 |
|
|
|a Ретро2025Каталогизация Шило
|
| 850 |
|
|
|a 63413507
|
| 942 |
|
|
|c BK
|